Library of the University of Algiers 3
Ibrahim Sultan Cheibout
شعار جامعة الجزائر 3
مكتبة جامعة الجزائر 3
إبراهيم سلطان شيبوط

تسويق الخدمات المصرفية : (رقم التسجيلة. 42887)

تفاصيل مارك
000 -LEADER
fixed length control field 01185nam a2200229Ia 4500
003 - CONTROL NUMBER IDENTIFIER
control field Ost
005 - DATE AND TIME OF LATEST TRANSACTION
control field 20260507075110.0
008 - FIXED-LENGTH DATA ELEMENTS--GENERAL INFORMATION
fixed length control field 260507s9999||||xx |||||||||||||| ||und||
020 ## - INTERNATIONAL STANDARD BOOK NUMBER
International Standard Book Number 5074149957
040 ## - CATALOGING SOURCE
Transcribing agency fsecg
041 ## - LANGUAGE CODE
Language code of text/sound track or separate title ara
082 ## - DEWEY DECIMAL CLASSIFICATION NUMBER
Classification number 330
100 ## - MAIN ENTRY--PERSONAL NAME
Personal name احمد، محمود احمد
Relator term مؤلف
245 #0 - TITLE STATEMENT
Title تسويق الخدمات المصرفية :
Remainder of title مدخل نظري تطبيقي /
Statement of responsibility, etc. محمود احمد احمد
260 ## - PUBLICATION, DISTRIBUTION, ETC.
Place of publication, distribution, etc. عمان:
Name of publisher, distributor, etc. دار البركة للنشر والتوزيع,
Date of publication, distribution, etc. 2001
300 ## - PHYSICAL DESCRIPTION
Extent 405 صفحة؛
Dimensions 24 سم
520 ## - SUMMARY, ETC.
Summary, etc. ان الكتاب كما هو موضح في محتوياته يتضمن جانبين أساسيين من الجانب العلمي والجانب التطبيق بحث يأتي متكاملا وشاملا من حيث الطروحات ودراسة الحالة والتحليلات والاستراتيجيات والسياسة الخاصة بتسويق الخدمات المصرفية في عالم أصبحت فيه الصناعة المصرفية تعيش حالة منافسة شديدة .
653 ## - INDEX TERM--UNCONTROLLED
Uncontrolled term البنوك
653 ## - INDEX TERM--UNCONTROLLED
Uncontrolled term التسويق
653 ## - INDEX TERM--UNCONTROLLED
Uncontrolled term خدمات مصرفية
942 ## - ADDED ENTRY ELEMENTS (KOHA)
Koha item type كتب
المقتنيات
Withdrawn status Lost status Source of classification or shelving scheme Damaged status Not for loan Home library Current library Date acquired Serial enumeration / chronology Inventory number Total checkouts Full call number Barcode Date last seen Price effective from Koha item type
    Dewey Decimal Classification   NOT LOAN / إعارة داخلية مكتبة كلية العلوم الإقتصادية والعلوم التجارية وعلوم التسيير مكتبة كلية العلوم الإقتصادية والعلوم التجارية وعلوم التسيير 07/05/2026 الطابق الأرضي 1489/1   أ/1489ن1 1489/1 07/05/2026 07/05/2026 كتب
    Dewey Decimal Classification   Available مكتبة كلية العلوم الإقتصادية والعلوم التجارية وعلوم التسيير مكتبة كلية العلوم الإقتصادية والعلوم التجارية وعلوم التسيير 07/05/2026 الطابق الثاني 1489/2   أ/1489ن2 1489/2 07/05/2026 07/05/2026 كتب

موارد الويب المفتوحة


© University of Algiers 3 All Rights Reserved
|
Implemented by LECHELAH Riad